000 01112nam a22002297a 4500
001 2593
005 20240103160515.0
020 _a9781444914115
040 _aFISKH
_beng
_cFISKH
_dFISKH
050 _aPZ7.M894
082 _aPZ7.M894
100 _aMuchamore, Robert
245 _aLone wolf /
_cRobert Muchamore
250 _aThis edition published in 2016 by Hodder and Stoughton
260 _aLondon :
_bHodder Children's Books,
_c2014
300 _a327 pages :
_c20cm
505 _aZ
520 _aFay has spent eighteen months locked up in a Secure Training Centre. Drug deals and rip-offs are the only things this teenager knows. Now she's back on the street, looking to settle old scores. CHERUB agents Ryan and Ning need Fay's knowledge to unearth a major drug importer. They're trained professionals with one essential advantage: even experienced criminals never suspect that children are spying on them. But Fay's made a lot of enemies and she's running out of time ... For official purposes, these children do not exist.
521 _a950
_bLexile
521 _aZ
_bRaz-Plus
942 _2ddc
_cBK
_n0
999 _c2593
_d2593